Čaká nás certifikácia biomasy produkovanej trvalo udržateľným spôsobom na energetické použitie

Predmet normalizácie v oblasti biomasy produkovanej trvalo udržateľným spôsobom na energetické účely. Trhové prostredie CEN/TC 383. Princípy a kritériá na biomasu produkovanú trvalo udržateľným spôsobom. Dôvody, prečo je potrebné vyvinúť európske normy v tejto oblasti. Prínos očakávaný z práce CEN/T...

ver descrição completa

Na minha lista:
Detalhes bibliográficos
Autor principal: Marsová, Eva
Formato: Capítulo de Livro
Idioma:eslovaco
Assuntos:
Tags: Adicionar Tag
Sem tags, seja o primeiro a adicionar uma tag!

MARC

LEADER 00000naa a2200000 4500
001 0120891
005 20230511071647.5
041 0 |a slo 
044 |a SK 
245 1 0 |a Čaká nás certifikácia biomasy produkovanej trvalo udržateľným spôsobom na energetické použitie  |c Eva Marsová 
520 |a Predmet normalizácie v oblasti biomasy produkovanej trvalo udržateľným spôsobom na energetické účely. Trhové prostredie CEN/TC 383. Princípy a kritériá na biomasu produkovanú trvalo udržateľným spôsobom. Dôvody, prečo je potrebné vyvinúť európske normy v tejto oblasti. Prínos očakávaný z práce CEN/TC 383. Faktory ovplyvňujúce vypracovanie a prijatie pracovného programu CEN/TC. Pripravované normalizačné dokumenty v tejto oblasti. 
610 2 0 |a normalizácia 
610 2 0 |a normy ISO 
610 2 0 |a certifikácia 
610 2 0 |a biomasa 
610 2 0 |a energetika 
610 2 0 |a zdroje energie obnoviteľné 
610 2 0 |a zdroje energie prírodné 
610 2 0 |a Európa 
610 2 0 |a Európska únia 
100 1 |a Marsová, Eva